000 00421nam a2200169Ia 4500
008 230524s9999 xx 000 0 und d
020 _a9789382533160
082 _a621.3813
_bKUL
100 _aM.Kulkarni
_942012
245 0 _aMicrowave and Radar Engineering
250 _a5
260 _aNew Delhi
_bUmesh
_c2018
300 _a"xviii,733p;"
500 _aQuantity Number: 20
650 _aElectronics
942 _cBK
999 _c59453
_d59453